Hrady, zámky, kaštiele na Slovensku

Gespeichert in:
Bibliographische Detailangaben
Hauptverfasser: Bárta, Vladimír (Verfasst von), Liptay, Jaroslav (Verfasst von)
Format: Buch
Sprache:Slowakisch
Veröffentlicht: B.Bystrica : Ab
Ausgabe:1. vydanie
Schlagworte:
Tags: Tag hinzufügen
Keine Tags, Fügen Sie das erste Tag hinzu!

MARC

LEADER 00000nam a22000003a 4500
001 stu11521
005 20150617225801.9
008 950502s--------xo------------------slo-d
040 |a STU  |b slo 
041 0 |a slo 
044 |a xo 
100 1 |a Bárta, Vladimír  |4 aut 
245 1 |a Hrady, zámky, kaštiele na Slovensku 
250 |a 1. vydanie 
260 |a B.Bystrica :  |b Ab 
300 |a 88 s 
650 7 |a Slovensko  |2 stusub 
650 7 |a hrady na Slovensku  |2 stusub 
700 1 |a Liptay, Jaroslav  |4 aut 
996 |b 284AU02718  |c A*2473 U  |l AAKNAR  |s A  |a 24  |w stu11521_0001